[Event "Scarborough CC ch reserves"]
[Site "Toronto CAN"]
[Date "2008.01.03"]
[Round "1"]
[White "Paterson, Jim"]
[Black "Jizan, Masoud"]
[Result "1-0"]
[WhiteElo "1821"]
[BlackElo "1622"]
[PlyCount "87"]
[GameId "2160767910557585"]
[EventDate "2008.01.03"]
[EventType "swiss"]
[EventRounds "10"]
[EventCountry "CAN"]
[SourceTitle "EXT 2011"]
[Source "ChessBase"]
[SourceDate "2011.11.26"]
[SourceVersion "1"]
[SourceVersionDate "2011.11.26"]
[SourceQuality "1"]

1. d4 d5 2. Nc3 Nf6 3. f3 c6 4. e4 dxe4 5. fxe4 e5 6. Nf3 Bg4 7. dxe5 Qxd1+ 8. Kxd1 Nfd7 9. Bf4 Bc5 10. Be2 O-O 11. h4 Bxf3 12. Bxf3 Bd4 13. e6 fxe6 14. Bd6 Re8 15. Ke2 Na6 16. Rad1 e5 17. Na4 Rad8 18. c3 Bb6 19. Nxb6 Nxb6 20. b3 c5 21. Rd2 Re6 22. Rhd1 Nc8 23. Bxe5 Rxd2+ 24. Rxd2 Nb6 25. Bh2 Kf8 26. Bd6+ Ke8 27. e5 Na8 28. Bxb7 N8c7 29. Bc6+ Kf7 30. Be4 Ne8 31. Bd5 Nac7 32. Bxe6+ Nxe6 33. Bb8 a6 34. Rd7+ Kf8 35. Bd6+ Nxd6 36. Rxd6 Ke7 37. Rxa6 Nf4+ 38. Kf3 Nd5 39. c4 Nb4 40. Ra7+ Ke6 41. Ke4 g6 42. a3 Nc6 43. Rxh7 Nxe5 44. Re7+ 1-0

[Event "Scarborough CC ch reserves"]
[Site "Toronto CAN"]
[Date "2008.01.03"]
[Round "1"]
[White "Prabhudesai, Aniket"]
[Black "Douglas, Steven"]
[Result "0-1"]
[WhiteElo "1082"]
[BlackElo "1597"]
[PlyCount "78"]
[GameId "2160767910557586"]
[EventDate "2008.01.03"]
[EventType "swiss"]
[EventRounds "10"]
[EventCountry "CAN"]
[SourceTitle "EXT 2011"]
[Source "ChessBase"]
[SourceDate "2011.11.26"]
[SourceVersion "1"]
[SourceVersionDate "2011.11.26"]
[SourceQuality "1"]

1. e4 d6 2. Nf3 g6 3. Be2 Bg7 4. O-O Nf6 5. d4 Nxe4 6. Nc3 Nxc3 7. bxc3 Nd7 8. Bc4 Nb6 9. Bb3 a5 10. a4 O-O 11. Ng5 h6 12. Bxf7+ Rxf7 13. Nxf7 Kxf7 14. Qf3+ Kg8 15. Qg3 Kh7 16. Qd3 Bf5 17. Qf3 c6 18. Qg3 Bxc2 19. Re1 Bf5 20. Bxh6 Bxh6 21. Qh4 e6 22. Qxd8 Rxd8 23. Ra2 Kg7 24. Rb2 Nxa4 25. Rxb7+ Kf6 26. Rh7 Bg7 27. Rh4 Nxc3 28. Ra1 g5 29. Rh5 Kg6 30. g4 Bxg4 31. Rxg5+ Kxg5 32. Rxa5+ Kf4 33. Ra6 Bh3 34. Rxc6 Bxd4 35. Rc4 Ne2+ 36. Kh1 Rg8 37. Rxd4+ Kf5 38. Rd5+ exd5 39. f3 Bg2# 0-1

[Event "Scarborough CC ch reserves"]
[Site "Toronto CAN"]
[Date "2008.01.03"]
[Round "1"]
[White "Roe, Jim"]
[Black "Douglas, Richard"]
[Result "1/2-1/2"]
[WhiteElo "1553"]
[BlackElo "1758"]
[PlyCount "126"]
[GameId "2160767910557587"]
[EventDate "2008.01.03"]
[EventType "swiss"]
[EventRounds "10"]
[EventCountry "CAN"]
[SourceTitle "EXT 2011"]
[Source "ChessBase"]
[SourceDate "2011.11.26"]
[SourceVersion "1"]
[SourceVersionDate "2011.11.26"]
[SourceQuality "1"]

1. d4 Nf6 2. c4 g6 3. Nc3 Bg7 4. e4 d6 5. f3 O-O 6. Be3 Nbd7 7. Bd3 e5 8. d5 b6 9. Nge2 Nc5 10. Bc2 a5 11. O-O h6 12. Qd2 g5 13. Ng3 Nh7 14. Nh5 Ba6 15. b3 Bc8 16. Nxg7 Kxg7 17. Ne2 Qe8 18. g4 f6 19. Ng3 Bd7 20. Kg2 Rh8 21. Rh1 Nf8 22. h4 Ng6 23. hxg5 fxg5 24. Nh5+ Kf7 25. Rh3 Qe7 26. Rah1 Raf8 27. Ng3 Nh4+ 28. Kf2 Ke8 29. Nf5 Bxf5 30. exf5 Nd7 31. Ke1 Nf6 32. Bf2 Ng2+ 33. Kd1 Qg7 34. Bg3 Nf4 35. Bxf4 gxf4 36. Qh2 Ng8 37. Qf2 Nf6 38. Qh2 Ng8 39. Re1 Kd8 40. Rg1 Nf6 41. a3 Re8 42. b4 axb4 43. Ba4 Reg8 44. axb4 Rf8 45. Bc6 Nd7 46. Rh5 Nf6 47. Rh3 Nd7 48. Qa2 Ke7 49. Qh2 Rd8 50. Rh1 Nf6 51. Rxh6 Rhg8 52. Rg6 Qf7 53. Rxg8 Rxg8 54. Qh6 Rg7 55. g5 Ng8 56. f6+ Nxf6 57. gxf6+ Qxf6 58. Qh3 Qg6 59. Qd7+ Kf6 60. Qe6+ Kg5 61. Rg1+ Kh6 62. Rxg6+ Rxg6 63. Qh3+ Kg7 1/2-1/2

[Event "Scarborough CC ch reserves"]
[Site "Toronto CAN"]
[Date "2008.01.03"]
[Round "1"]
[White "Samaroo, Muneshwar"]
[Black "Manalo, Pepin"]
[Result "1/2-1/2"]
[WhiteElo "1590"]
[BlackElo "1813"]
[PlyCount "111"]
[GameId "2160767910557588"]
[EventDate "2008.01.03"]
[EventType "swiss"]
[EventRounds "10"]
[EventCountry "CAN"]
[SourceTitle "EXT 2011"]
[Source "ChessBase"]
[SourceDate "2011.11.26"]
[SourceVersion "1"]
[SourceVersionDate "2011.11.26"]
[SourceQuality "1"]

1. e4 c5 2. Nf3 e6 3. Bc4 d5 4. Bb5+ Bd7 5. Bxd7+ Nxd7 6. exd5 exd5 7. O-O Ngf6 8. Qe2+ Be7 9. Re1 a5 10. d3 Ra6 11. Nc3 Re6 12. Qd1 O-O 13. Nb5 Qb6 14. c4 d4 15. Bd2 Bd8 16. h3 h6 17. a4 Rfe8 18. Qc2 Re2 19. Rxe2 Rxe2 20. Re1 Qe6 21. Qd1 Rxe1+ 22. Qxe1 Qf5 23. Qe2 b6 24. Kh2 g5 25. g4 Qe6 26. Qxe6 fxe6 27. Kg2 e5 28. Nd6 Bc7 29. Nf5 Kh7 30. Ng3 Kg6 31. Be1 Nf8 32. Bd2 Ne6 33. Ne4 Nxe4 34. dxe4 Nd8 35. Ne1 Nf7 36. b3 Nd8 37. Nd3 Nf7 38. Kf3 h5 39. Kg3 Kf6 40. Kg2 Nd8 41. Kf3 Ne6 42. Kg2 Bd6 43. Kf3 Nc7 44. Kg2 Be7 45. Kf3 Ne8 46. Kg2 Ke6 47. Kf3 Kd6 48. Kg2 Bf8 49. Kf3 Kc6 50. Kg2 Nd6 51. Kf3 Kd7 52. Nc1 Kc6 53. Nd3 Kb7 54. Nc1 Ka7 55. Nd3 Ka6 56. Nb2 1/2-1/2

[Event "Scarborough CC ch reserves"]
[Site "Toronto CAN"]
[Date "2008.01.03"]
[Round "1"]
[White "Tursman, Richard"]
[Black "Buzila, Georghe"]
[Result "1/2-1/2"]
[WhiteElo "1530"]
[BlackElo "1766"]
[PlyCount "68"]
[GameId "2160767910557589"]
[EventDate "2008.01.03"]
[EventType "swiss"]
[EventRounds "10"]
[EventCountry "CAN"]
[SourceTitle "EXT 2011"]
[Source "ChessBase"]
[SourceDate "2011.11.26"]
[SourceVersion "1"]
[SourceVersionDate "2011.11.26"]
[SourceQuality "1"]

1. e4 e5 2. Nc3 Nf6 3. g3 d5 4. exd5 Nxd5 5. Bg2 c6 6. Nf3 Bd6 7. Ne4 O-O 8. d3 Bf5 9. Qe2 Bxe4 10. dxe4 Bb4+ 11. Bd2 Bxd2+ 12. Nxd2 Nb4 13. Nc4 Qe7 14. a3 N4a6 15. Rd1 Nd7 16. b4 b5 17. Nd6 Nb6 18. O-O Rfd8 19. Nf5 Qg5 20. f4 Qf6 21. Qh5 Nc4 22. Rxd8+ Rxd8 23. fxe5 Qe6 24. Bh3 Nxe5 25. Nxg7 Qg6 26. Qxe5 Qxg7 27. Qf4 c5 28. c3 cxb4 29. cxb4 Nb8 30. e5 Nc6 31. e6 fxe6 32. Bxe6+ Kh8 33. Qe4 Qd4+ 34. Qxd4+ Nxd4 1/2-1/2

[Event "Scarborough CC ch reserves"]
[Site "Toronto CAN"]
[Date "2008.01.03"]
[Round "1"]
[White "Ward, Dean"]
[Black "Dattani, Dinesh"]
[Result "1-0"]
[WhiteElo "1649"]
[BlackElo "1386"]
[PlyCount "69"]
[GameId "2160767910557590"]
[EventDate "2008.01.03"]
[EventType "swiss"]
[EventRounds "10"]
[EventCountry "CAN"]
[SourceTitle "EXT 2011"]
[Source "ChessBase"]
[SourceDate "2011.11.26"]
[SourceVersion "1"]
[SourceVersionDate "2011.11.26"]
[SourceQuality "1"]

1. e4 e5 2. Bc4 Nf6 3. Nc3 Bb4 4. Nge2 Nc6 5. a3 Bc5 6. Ng3 a6 7. d3 h6 8. Nf5 O-O 9. g4 Kh7 10. g5 Ng8 11. gxh6 g6 12. Rg1 d6 13. Nd5 gxf5 14. Rg7+ Kh8 15. Bg5 f6 16. Rxg8+ Rxg8 17. Bxf6+ Qxf6 18. Nxf6 Rg1+ 19. Ke2 Nd4+ 20. Kd2 Rxd1+ 21. Rxd1 Be6 22. c3 Bxc4 23. cxd4 Bxd4 24. dxc4 Bxf2 25. Rf1 Rf8 26. Nd7 Rf7 27. Nxe5 dxe5 28. Rxf2 f4 29. Rf3 Rd7+ 30. Rd3 Rxd3+ 31. Kxd3 Kh7 32. Ke2 Kxh6 33. Kf3 Kh5 34. Kg2 Kh4 35. h3 1-0

[Event "Scarborough CC ch reserves"]
[Site "Toronto CAN"]
[Date "2008.01.03"]
[Round "1"]
[White "Xia, Linda"]
[Black "Philip, Andrew"]
[Result "1-0"]
[WhiteElo "1376"]
[BlackElo "1636"]
[PlyCount "101"]
[GameId "2160767910557591"]
[EventDate "2008.01.03"]
[EventType "swiss"]
[EventRounds "10"]
[EventCountry "CAN"]
[SourceTitle "EXT 2011"]
[Source "ChessBase"]
[SourceDate "2011.11.26"]
[SourceVersion "1"]
[SourceVersionDate "2011.11.26"]
[SourceQuality "1"]

1. d4 d5 2. c4 c6 3. e3 Nf6 4. Nf3 e6 5. Nc3 Nbd7 6. Bd3 dxc4 7. Bxc4 Nb6 8. Bb3 c5 9. O-O cxd4 10. Qxd4 Qxd4 11. Nxd4 a6 12. Ba4+ Nxa4 13. Nxa4 Bd7 14. Nb6 Rd8 15. Bd2 e5 16. Nf3 Bb5 17. Rfc1 Ne4 18. Ba5 Bd6 19. Nc8 Rd7 20. Nxd6+ Nxd6 21. Nxe5 Re7 22. Nf3 Nc4 23. Bb4 Rd7 24. b3 Nb2 25. Ne5 Nd3 26. Rc8+ Rd8 27. Rxd8+ Kxd8 28. Nxd3 Bxd3 29. Rd1 Kc7 30. Rxd3 Re8 31. Kf1 Re4 32. a3 b6 33. Ke2 Rh4 34. Bd6+ Kc6 35. Bg3 Rh5 36. Rc3+ Kd5 37. Rd3+ Kc6 38. Rd6+ Kc5 39. b4+ Kb5 40. a4+ Kxb4 41. Rxb6+ Ka5 42. Bc7 Kxa4 43. Rxa6+ Kb3 44. Bg3 Rd5 45. Rb6+ Kc3 46. Rc6+ Kb4 47. Rc7 Rf5 48. e4 Rf6 49. Kd3 g6 50. f3 h5 51. Be1+ 1-0

[Event "Scarborough CC ch reserves"]
[Site "Toronto CAN"]
[Date "2008.01.10"]
[Round "2"]
[White "Arfin, Sam"]
[Black "Paterson, Jim"]
[Result "1-0"]
[WhiteElo "1659"]
[BlackElo "1821"]
[PlyCount "117"]
[GameId "2160767910557592"]
[EventDate "2008.01.03"]
[EventType "swiss"]
[EventRounds "10"]
[EventCountry "CAN"]
[SourceTitle "EXT 2011"]
[Source "ChessBase"]
[SourceDate "2011.11.26"]
[SourceVersion "1"]
[SourceVersionDate "2011.11.26"]
[SourceQuality "1"]

1. d4 c6 2. e4 d5 3. exd5 cxd5 4. Bd3 Nc6 5. c3 Nf6 6. Bf4 e6 7. Nf3 Bd6 8. Bxd6 Qxd6 9. Qe2 O-O 10. Ne5 Bd7 11. f4 Rfd8 12. O-O Be8 13. Nd2 Ne7 14. Rf3 g6 15. Qf2 Nf5 16. g4 Ng7 17. Qh4 Qe7 18. Raf1 h5 19. f5 exf5 20. gxf5 g5 21. Qxg5 Kf8 22. Rg3 Ng4 23. Qxe7+ Kxe7 24. Nxg4 Nxf5 25. Bxf5 hxg4 26. Bxg4 Bb5 27. Re3+ Kf8 28. Rf6 Bd7 29. Bxd7 Rxd7 30. h4 Kg7 31. Rf5 Rh8 32. Rg5+ Kf8 33. Nf3 f6 34. Rf5 Kg7 35. Rf4 Rh6 36. Rg4+ Rg6 37. Rxg6+ Kxg6 38. Re8 Kf5 39. Kf2 Kf4 40. Rg8 Ke4 41. Rg3 Kf4 42. Rh3 Rh7 43. h5 Rh6 44. Rh4+ Kf5 45. Kg3 Rh8 46. Rf4+ Ke6 47. Kh4 Rh7 48. Nh2 f5 49. Nf3 Kf6 50. Ne5 Re7 51. h6 Rh7 52. Kh5 Rh8 53. Nf3 Re8 54. h7 Kg7 55. Rxf5 Re2 56. Ng5 Rxb2 57. Rf7+ Kh8 58. Rf8+ Kg7 59. h8=Q# 1-0

[Event "Scarborough CC ch reserves"]
[Site "Toronto CAN"]
[Date "2008.01.10"]
[Round "2"]
[White "Dattani, Dinesh"]
[Black "Tursman, Richard"]
[Result "0-1"]
[WhiteElo "1386"]
[BlackElo "1530"]
[PlyCount "81"]
[GameId "2160767910557593"]
[EventDate "2008.01.03"]
[EventType "swiss"]
[EventRounds "10"]
[EventCountry "CAN"]
[SourceTitle "EXT 2011"]
[Source "ChessBase"]
[SourceDate "2011.11.26"]
[SourceVersion "1"]
[SourceVersionDate "2011.11.26"]
[SourceQuality "1"]

1. d4 d5 2. c4 c6 3. Nf3 Nf6 4. e3 a6 5. Be2 dxc4 6. Bxc4 b5 7. Bd3 Bg4 8. Nbd2 e6 9. a3 Bd6 10. O-O O-O 11. Qc2 Qc7 12. h3 Bh5 13. Ng5 Bg6 14. Nge4 Nbd7 15. Nxd6 Qxd6 16. Ne4 Nxe4 17. Bxe4 Rac8 18. b4 Nf6 19. Bxg6 hxg6 20. Bb2 Nd5 21. Rfc1 Nb6 22. Qb3 Nc4 23. Rxc4 bxc4 24. Qxc4 Ra8 25. Rd1 a5 26. Bc3 axb4 27. Bxb4 Qd5 28. Qxd5 cxd5 29. Bxf8 Kxf8 30. Ra1 Ra4 31. Kf1 Ke7 32. Ke2 Kd6 33. Kd3 Kc6 34. Kc3 Kb6 35. Rb1+ Kc6 36. Kb3 Rc4 37. e4 Rxd4 38. exd5+ Rxd5 39. Kc4 Re5 40. Rf1 Re2 41. f4 0-1

[Event "Scarborough CC ch reserves"]
[Site "Toronto CAN"]
[Date "2008.01.10"]
[Round "2"]
[White "Farhang, Arvin"]
[Black "Perez, Michael"]
[Result "0-1"]
[WhiteElo "1412"]
[BlackElo "1728"]
[PlyCount "104"]
[GameId "2160767910557594"]
[EventDate "2008.01.03"]
[EventType "swiss"]
[EventRounds "10"]
[EventCountry "CAN"]
[SourceTitle "EXT 2011"]
[Source "ChessBase"]
[SourceDate "2011.11.26"]
[SourceVersion "1"]
[SourceVersionDate "2011.11.26"]
[SourceQuality "1"]

1. d4 Nf6 2. c4 e6 3. Nf3 Bb4+ 4. Bd2 Be7 5. Nc3 O-O 6. e4 d5 7. e5 Ne8 8. cxd5 exd5 9. Bd3 Bg4 10. h3 Bh5 11. O-O Nc6 12. Be3 f5 13. g3 g5 14. Be2 f4 15. Bd2 Ng7 16. Rc1 Ne6 17. Nxd5 Qxd5 18. g4 Ncxd4 19. Bc4 Qxf3 20. Bxe6+ Bf7 21. Bxf7+ Rxf7 22. Kh2 Qxd1 23. Rfxd1 Nf3+ 24. Kg2 Nxe5 25. Rxc7 Rd8 26. Rcc1 b6 27. f3 Bc5 28. Bc3 Rxd1 29. Rxd1 Nc4 30. Rd8+ Rf8 31. Rd7 Rf7 32. Rd8+ Bf8 33. Kf2 a5 34. b3 Ne3 35. Bd4 Rb7 36. Bxe3 fxe3+ 37. Kxe3 Kf7 38. f4 Bc5+ 39. Ke4 Re7+ 40. Kf5 gxf4 41. Kxf4 Re2 42. Rd7+ Kg6 43. h4 Rxa2 44. Rc7 Rf2+ 45. Ke4 Rb2 46. Rc6+ Kf7 47. Rc7+ Be7 48. Rc3 Bxh4 49. Rc7+ Be7 50. Rc3 Bf6 51. Rf3 Kg6 52. Kd5 a4 0-1

[Event "Scarborough CC ch reserves"]
[Site "Toronto CAN"]
[Date "2008.01.10"]
[Round "2"]
[White "Farrant-Diaz, Nathan"]
[Black "Kurkowski, Ken"]
[Result "0-1"]
[WhiteElo "1451"]
[BlackElo "1644"]
[PlyCount "84"]
[GameId "2160767910557595"]
[EventDate "2008.01.03"]
[EventType "swiss"]
[EventRounds "10"]
[EventCountry "CAN"]
[SourceTitle "EXT 2011"]
[Source "ChessBase"]
[SourceDate "2011.11.26"]
[SourceVersion "1"]
[SourceVersionDate "2011.11.26"]
[SourceQuality "1"]

1. e4 e5 2. Nf3 Nc6 3. d4 exd4 4. Nxd4 Nf6 5. Nc3 Bb4 6. Bg5 d6 7. Bb5 Bd7 8. Bxc6 Bxc6 9. Nxc6 bxc6 10. Qf3 O-O 11. e5 Re8 12. O-O Rxe5 13. Bxf6 Qxf6 14. Qxc6 Qd8 15. Nd5 Ba5 16. b4 Bb6 17. Rfe1 Qe8 18. Rxe5 dxe5 19. Re1 Qxc6 20. Ne7+ Kf8 21. Nxc6 f6 22. c4 a5 23. c5 Ba7 24. Nxa5 Bxc5 25. Rb1 Bxb4 26. Rxb4 Rxa5 27. Rb8+ Ke7 28. Rb7 h5 29. Kf1 Kd6 30. Ke2 Ra3 31. Rb2 Ke6 32. Rc2 Kd6 33. Rd2+ Kc5 34. Rc2+ Kd5 35. Kd2 c5 36. Ke2 e4 37. Rb2 c4 38. Rd2+ Rd3 39. a4 c3 40. Rc2 Kc4 41. a5 Kb5 42. Ra2 Rd6 0-1

[Event "Scarborough CC ch reserves"]
[Site "Toronto CAN"]
[Date "2008.01.10"]
[Round "2"]
[White "Manalo, Pepin"]
[Black "Graham, John"]
[Result "1-0"]
[WhiteElo "1813"]
[BlackElo "1534"]
[PlyCount "79"]
[GameId "2160767910557596"]
[EventDate "2008.01.03"]
[EventType "swiss"]
[EventRounds "10"]
[EventCountry "CAN"]
[SourceTitle "EXT 2011"]
[Source "ChessBase"]
[SourceDate "2011.11.26"]
[SourceVersion "1"]
[SourceVersionDate "2011.11.26"]
[SourceQuality "1"]

1. e4 e5 2. Nf3 Nc6 3. Bb5 d6 4. h3 Bd7 5. Qe2 g6 6. a4 Bg7 7. Na3 Nge7 8. c3 O-O 9. Nc2 a6 10. Bc4 Be6 11. Bxe6 fxe6 12. d4 Qd7 13. O-O Rae8 14. b4 exd4 15. cxd4 a5 16. b5 Nd8 17. Bb2 c6 18. Ra3 d5 19. e5 Nf5 20. b6 Qe7 21. Bc3 c5 22. Bxa5 cxd4 23. Bb4 Qf7 24. Bxf8 Bxf8 25. Rd3 Nc6 26. g4 Ng7 27. Nfxd4 Nxd4 28. Nxd4 Qf4 29. Qe3 Qf7 30. Rc3 Re7 31. Rfc1 Ne8 32. Nb5 Rd7 33. Qd4 h5 34. Nc7 hxg4 35. hxg4 Be7 36. Kg2 Ng7 37. Rf3 Nf5 38. gxf5 gxf5 39. Rg3+ Kf8 40. Rh1 1-0

[Event "Scarborough CC ch reserves"]
[Site "Toronto CAN"]
[Date "2008.01.10"]
[Round "2"]
[White "Moran-Venegas, Mario"]
[Black "Seedhouse, Jeff"]
[Result "0-1"]
[WhiteElo "1723"]
[BlackElo "1562"]
[PlyCount "99"]
[GameId "2160767910557597"]
[EventDate "2008.01.03"]
[EventType "swiss"]
[EventRounds "10"]
[EventCountry "CAN"]
[SourceTitle "EXT 2011"]
[Source "ChessBase"]
[SourceDate "2011.11.26"]
[SourceVersion "1"]
[SourceVersionDate "2011.11.26"]
[SourceQuality "1"]

1. e4 e5 2. Bc4 Nc6 3. Nf3 Nf6 4. d3 Bc5 5. O-O d6 6. a4 a5 7. c3 O-O 8. h3 Qe7 9. Re1 Ba7 10. Nbd2 Be6 11. Qb3 Bb6 12. Nf1 Bxc4 13. Qxc4 Qe6 14. Qxe6 fxe6 15. Be3 Bxe3 16. Nxe3 Rad8 17. Nc4 b6 18. Rad1 Rfe8 19. Kf1 h6 20. Na3 d5 21. exd5 exd5 22. Nh4 Kh7 23. Nb5 Rd7 24. Nf5 g6 25. Ng3 Nd8 26. Na3 Nf7 27. Nc2 Rde7 28. b4 h5 29. bxa5 bxa5 30. Rb1 Nd6 31. h4 e4 32. dxe4 Nfxe4 33. Nxe4 Rxe4 34. Ne3 Rxh4 35. Kg1 Rhe4 36. Red1 c6 37. Rb6 Nc4 38. Rxc6 Nxe3 39. fxe3 Rxe3 40. Rxd5 R8e4 41. Rxa5 Re1+ 42. Kf2 R4e2+ 43. Kg3 Re3+ 44. Kh2 h4 45. Ra7+ Kh6 46. Raa6 h3 47. Rxg6+ Kh5 48. Rh6+ Kg5 49. Rag6+ Kf5 50. g4+ 0-1

[Event "Scarborough CC ch reserves"]
[Site "Toronto CAN"]
[Date "2008.01.10"]
[Round "2"]
[White "Pishdad, Hassan"]
[Black "Gillis, Doug"]
[Result "0-1"]
[WhiteElo "1174"]
[BlackElo "1536"]
[PlyCount "92"]
[GameId "2160767910557598"]
[EventDate "2008.01.03"]
[EventType "swiss"]
[EventRounds "10"]
[EventCountry "CAN"]
[SourceTitle "EXT 2011"]
[Source "ChessBase"]
[SourceDate "2011.11.26"]
[SourceVersion "1"]
[SourceVersionDate "2011.11.26"]
[SourceQuality "1"]

1. e4 e6 2. a3 d5 3. e5 c5 4. Bb5+ Bd7 5. Bxd7+ Nxd7 6. d4 Qb6 7. Nf3 Ne7 8. dxc5 Nxc5 9. b4 Ne4 10. Be3 Qc7 11. Bc5 Nxc5 12. bxc5 Qxc5 13. Qd3 Rc8 14. c3 Qc4 15. Qe3 Nf5 16. Qe2 Be7 17. Qxc4 Rxc4 18. O-O O-O 19. Rc1 Rd8 20. Nbd2 Ra4 21. Nb3 a6 22. Nfd4 Nxd4 23. cxd4 Rxa3 24. Rxa3 Bxa3 25. Rc2 b5 26. Nd2 h6 27. Nb1 Bb4 28. f4 Ba5 29. Rc6 Ra8 30. Kf2 Kf8 31. Ke2 Ke7 32. Kd3 Kd7 33. Rc1 Rc8 34. Rxc8 Kxc8 35. Kc2 Be1 36. Nd2 Bxd2 37. Kxd2 a5 38. Kc3 b4+ 39. Kb3 Kd7 40. g4 f6 41. exf6 gxf6 42. h4 Ke7 43. Ka4 Kf7 44. Kb3 Kg6 45. h5+ Kf7 46. Ka4 f5 0-1

[Event "Scarborough CC ch reserves"]
[Site "Toronto CAN"]
[Date "2008.01.10"]
[Round "2"]
[White "Smith, Maurice"]
[Black "Bellomo, Joe"]
[Result "0-1"]
[WhiteElo "1544"]
[BlackElo "1723"]
[PlyCount "148"]
[GameId "2160767910557599"]
[EventDate "2008.01.03"]
[EventType "swiss"]
[EventRounds "10"]
[EventCountry "CAN"]
[SourceTitle "EXT 2011"]
[Source "ChessBase"]
[SourceDate "2011.11.26"]
[SourceVersion "1"]
[SourceVersionDate "2011.11.26"]
[SourceQuality "1"]

1. d4 Nf6 2. c4 e6 3. Nf3 b6 4. Nc3 Bb7 5. Bg5 Be7 6. e3 O-O 7. Bd3 h6 8. Bh4 d6 9. O-O Nbd7 10. Nd2 c5 11. Nde4 cxd4 12. exd4 d5 13. cxd5 Nxd5 14. Bxe7 Qxe7 15. Nxd5 Bxd5 16. b3 f5 17. Nc3 Bb7 18. Qd2 Qf6 19. Bc4 Qg6 20. f3 Rf6 21. Ne2 Nf8 22. Nf4 Qg5 23. Rad1 Rd8 24. Nh3 Qxd2 25. Rxd2 g5 26. Nf2 Kg7 27. Rfd1 Ng6 28. Nh1 Nf4 29. Ng3 Kg6 30. Ne2 Nd5 31. Bxd5 Bxd5 32. Nc3 Rf7 33. Nxd5 Rxd5 34. Kf2 Rc7 35. Ke2 h5 36. g3 Kf6 37. Ke3 Rc3+ 38. Rd3 Rc2 39. R3d2 Rc7 40. Ke2 f4 41. Rd3 fxg3 42. hxg3 Kf5 43. Ke3 a5 44. Rh1 Kg6 45. Rhd1 b5 46. R1d2 b4 47. Rf2 Rc1 48. Rdd2 Rd7 49. Rc2 Rc7 50. Rxc7 Rxc7 51. Rd2 Kf5 52. Kf2 g4 53. Re2 Kf6 54. fxg4 hxg4 55. Ke3 Kg5 56. Ke4 Rc3 57. Rg2 Rc1 58. Ke5 Re1+ 59. Kd6 Re3 60. Kc5 Kf5 61. Kd6 Ke4 62. Kc5 Rc3+ 63. Kd6 Kxd4 64. Kxe6 Ke3 65. Kf5 Kf3 66. Rd2 Rc5+ 67. Ke6 Kxg3 68. Kd6 Rf5 69. Rd3+ Kg2 70. Rd4 g3 71. a3 bxa3 72. Ra4 Kf2 73. Rxa3 g2 74. Ra2+ Kg1 0-1

[Event "Scarborough CC ch reserves"]
[Site "Toronto CAN"]
[Date "2008.01.10"]
[Round "2"]
[White "Verde, Pino"]
[Black "Farrant, David"]
[Result "1-0"]
[WhiteElo "1677"]
[BlackElo "1476"]
[PlyCount "60"]
[GameId "2160767910557600"]
[EventDate "2008.01.03"]
[EventType "swiss"]
[EventRounds "10"]
[EventCountry "CAN"]
[SourceTitle "EXT 2011"]
[Source "ChessBase"]
[SourceDate "2011.11.26"]
[SourceVersion "1"]
[SourceVersionDate "2011.11.26"]
[SourceQuality "1"]

1. e4 c5 2. Nf3 e6 3. d3 Nf6 4. Nbd2 d5 5. g3 b6 6. Bg2 Bb7 7. e5 Nfd7 8. O-O Qc7 9. Re1 Nc6 10. Qe2 g6 11. Nf1 Bg7 12. Bf4 O-O 13. h4 Ba6 14. N1h2 h5 15. c3 Ne7 16. g4 hxg4 17. Nxg4 Nf5 18. Qd2 Kh7 19. Ng5+ Kh8 20. Bxd5 Rad8 21. Bxe6 Nxh4 22. Qe3 fxe6 23. Qh3 Rxf4 24. Qxh4+ Kg8 25. Qh7+ Kf8 26. Nxe6+ Ke7 27. Nxf4 Re8 28. Nd5+ Kd8 29. Nxc7 Kxc7 30. Qxg7 Rd8 1-0

[Event "Scarborough CC ch reserves"]
[Site "Toronto CAN"]
[Date "2008.01.10"]
[Round "2"]
[White "Wu, Kevin"]
[Black "Ward, Dean"]
[Result "1-0"]
[WhiteElo "1517"]
[BlackElo "1649"]
[PlyCount "111"]
[GameId "2160767910557601"]
[EventDate "2008.01.03"]
[EventType "swiss"]
[EventRounds "10"]
[EventCountry "CAN"]
[SourceTitle "EXT 2011"]
[Source "ChessBase"]
[SourceDate "2011.11.26"]
[SourceVersion "1"]
[SourceVersionDate "2011.11.26"]
[SourceQuality "1"]

1. e4 e5 2. Nf3 d6 3. d4 exd4 4. Nxd4 g6 5. Nc3 a6 6. Be3 Bg7 7. Qd2 Nf6 8. f3 O-O 9. O-O-O Nc6 10. Bc4 Na5 11. Bb3 c5 12. Nde2 c4 13. Na4 cxb3 14. axb3 Qc7 15. Kb1 Nc6 16. Bb6 Qe7 17. Nac3 Nd7 18. Be3 Be5 19. Nd5 Qd8 20. Bg5 Qa5 21. b4 Qa4 22. Bh6 a5 23. Ndc3 Bxc3 24. Nxc3 Qxb4 25. Bxf8 Nxf8 26. Qxd6 Be6 27. Qxb4 Nxb4 28. Nd5 Bxd5 29. exd5 Rd8 30. c3 Na6 31. Rhe1 Nd7 32. Re7 Kf8 33. Re4 Nf6 34. Red4 Rd6 35. g4 g5 36. b3 Nc7 37. c4 b5 38. Rc1 a4 39. cxb5 Nxb5 40. Rxa4 Nxd5 41. Kb2 Ndc3 42. Rxc3 Nxc3 43. Kxc3 Rb6 44. Ra5 f6 45. Kc4 h6 46. b4 Ke7 47. Kc5 Rb7 48. Ra6 Rc7+ 49. Rc6 Rb7 50. b5 Rb8 51. b6 Rb7 52. Rc7+ Rxc7+ 53. bxc7 Kd7 54. Kd5 Kxc7 55. Ke6 f5 56. gxf5 1-0

[Event "Scarborough CC ch reserves"]
[Site "Toronto CAN"]
[Date "2008.01.17"]
[Round "3"]
[White "Bellomo, Joe"]
[Black "Arfin, Sam"]
[Result "1-0"]
[WhiteElo "1723"]
[BlackElo "1659"]
[PlyCount "45"]
[GameId "2160767910557602"]
[EventDate "2008.01.03"]
[EventType "swiss"]
[EventRounds "10"]
[EventCountry "CAN"]
[SourceTitle "EXT 2011"]
[Source "ChessBase"]
[SourceDate "2011.11.26"]
[SourceVersion "1"]
[SourceVersionDate "2011.11.26"]
[SourceQuality "1"]

1. e4 c5 2. Nc3 g6 3. Nf3 Bg7 4. Bc4 Nc6 5. O-O e6 6. a3 Nge7 7. d3 O-O 8. Rb1 d5 9. exd5 exd5 10. Ba2 Bg4 11. h3 Bc8 12. Bg5 Qd7 13. Re1 Re8 14. Nxd5 Nxd5 15. Rxe8+ Qxe8 16. Bxd5 Qd7 17. Ba2 b6 18. Qd2 Nd4 19. Nxd4 Bxd4 20. Qf4 Bb7 21. Re1 Bxb2 22. Re7 Qc6 23. Qxf7+ 1-0

[Event "Scarborough CC ch reserves"]
[Site "Toronto CAN"]
[Date "2008.01.17"]
[Round "3"]
[White "Douglas, Richard"]
[Black "Smith, Maurice"]
[Result "0-1"]
[WhiteElo "1750"]
[BlackElo "1544"]
[PlyCount "100"]
[GameId "2160767910557603"]
[EventDate "2008.01.03"]
[EventType "swiss"]
[EventRounds "10"]
[EventCountry "CAN"]
[SourceTitle "EXT 2011"]
[Source "ChessBase"]
[SourceDate "2011.11.26"]
[SourceVersion "1"]
[SourceVersionDate "2011.11.26"]
[SourceQuality "1"]

1. e4 c5 2. Nc3 Nc6 3. f4 d6 4. Nf3 Nf6 5. Bb5 Bd7 6. O-O a6 7. Bxc6 Bxc6 8. d3 g6 9. e5 Nd5 10. Ne4 Bg7 11. c4 Nc7 12. exd6 exd6 13. Qe2 O-O 14. Be3 Re8 15. Nc3 d5 16. cxd5 Nxd5 17. Nxd5 Bxd5 18. Rfe1 Bc6 19. Qc2 Bxf3 20. gxf3 Rxe3 21. Rxe3 Bd4 22. Rae1 Bxe3+ 23. Rxe3 Qd4 24. Qf2 Qxf4 25. Re4 Qg5+ 26. Rg4 Qd5 27. Rc4 Qxd3 28. Rxc5 Rd8 29. Rc2 Qd5 30. b3 Qg5+ 31. Qg3 Rd1+ 32. Kg2 Rd2+ 33. Rxd2 Qxd2+ 34. Qf2 Qg5+ 35. Qg3 Qxg3+ 36. Kxg3 f6 37. Kf4 Kf7 38. Ke4 Ke6 39. f4 h6 40. h4 b6 41. a3 g5 42. f5+ Kd6 43. hxg5 hxg5 44. b4 b5 45. Kd4 g4 46. Ke4 g3 47. Kf3 g2 48. Kxg2 Ke5 49. Kf3 Kxf5 50. Ke3 Ke5 0-1